Law for business / (Record no. 3138)
[ view plain ]
| 000 -LEADER | |
|---|---|
| fixed length control field | 01082cam a2200277 a 4500 |
| 001 - CONTROL NUMBER | |
| control field | 13735144 |
| 005 - DATE AND TIME OF LATEST TRANSACTION | |
| control field | 20250128103311.0 |
| 008 - FIXED-LENGTH DATA ELEMENTS--GENERAL INFORMATION | |
| fixed length control field | 040929s2006 nyuak 001 0 eng |
| 020 ## - INTERNATIONAL STANDARD BOOK NUMBER | |
| International Standard Book Number | 007297611X (alk. paper) |
| 050 00 - LIBRARY OF CONGRESS CALL NUMBER | |
| Classification number | KF889 |
| Item number | .B28 2006 |
| 082 00 - DEWEY DECIMAL CLASSIFICATION NUMBER | |
| Classification number | 346.7307 |
| Edition information | 22 |
| 100 1# - MAIN ENTRY--PERSONAL NAME | |
| Personal name | Barnes, A. James. |
| 245 10 - TITLE STATEMENT | |
| Title | Law for business / |
| Statement of responsibility, etc. | A. James Barnes, Terry Morehead Dworkin, Eric L. Richards. |
| 250 ## - EDITION STATEMENT | |
| Edition statement | 9th ed. |
| 260 ## - PUBLICATION, DISTRIBUTION, ETC. | |
| Place of publication, distribution, etc. | New York, NY : |
| Name of publisher, distributor, etc. | McGraw-Hill/Irwin, |
| Date of publication, distribution, etc. | c2006. |
| 300 ## - PHYSICAL DESCRIPTION | |
| Extent | xxxiii, 1006 p. : |
| Other physical details | ill., forms ; |
| Dimensions | 26 cm. |
| 500 ## - GENERAL NOTE | |
| General note | Includes index. |
| 650 #0 - SUBJECT ADDED ENTRY--TOPICAL TERM | |
| Topical term or geographic name entry element | Commercial law |
| Geographic subdivision | United States. |
| 650 #0 - SUBJECT ADDED ENTRY--TOPICAL TERM | |
| Topical term or geographic name entry element | Trade regulation |
| Geographic subdivision | United States. |
| 700 1# - ADDED ENTRY--PERSONAL NAME | |
| Personal name | Dworkin, Terry Morehead. |
| 700 1# - ADDED ENTRY--PERSONAL NAME | |
| Personal name | Richards, Eric L. |
| 856 41 - ELECTRONIC LOCATION AND ACCESS | |
| Materials specified | Table of contents only |
| Uniform Resource Identifier | <a href="http://www.loc.gov/catdir/enhancements/fy0618/2004059722-t.html">http://www.loc.gov/catdir/enhancements/fy0618/2004059722-t.html</a> |
| 856 42 - ELECTRONIC LOCATION AND ACCESS | |
| Materials specified | Publisher description |
| Uniform Resource Identifier | <a href="http://www.loc.gov/catdir/enhancements/fy0632/2004059722-d.html">http://www.loc.gov/catdir/enhancements/fy0632/2004059722-d.html</a> |
| 856 42 - ELECTRONIC LOCATION AND ACCESS | |
| Materials specified | Contributor biographical information |
| Uniform Resource Identifier | <a href="http://www.loc.gov/catdir/enhancements/fy0737/2004059722-b.html">http://www.loc.gov/catdir/enhancements/fy0737/2004059722-b.html</a> |
| 942 ## - ADDED ENTRY ELEMENTS (KOHA) | |
| Source of classification or shelving scheme | Library of Congress Classification |
| Koha item type | Books |
| Suppress in OPAC | No |
| 999 ## - | |
| -- | 3138 |
| -- | 3138 |
| Withdrawn status | Lost status | Source of classification or shelving scheme | Damaged status | Not for loan | Collection | Home library | Current library | Shelving location | Date acquired | Total checkouts | Full call number | Barcode | Date last seen | Price effective from | Koha item type | Copy number |
|---|---|---|---|---|---|---|---|---|---|---|---|---|---|---|---|---|
| Library of Congress Classification | Non-fiction | Law Library (Christ Temple) | Law Library (Christ Temple) | General stacks | 02/06/2025 | KF889.B28 BAR | LLCT00000383 | 02/06/2025 | 02/06/2025 | Books | 2 | |||||
| Library of Congress Classification | Non-fiction | Law Library (Kumasi) | Law Library (Kumasi) | Reference | 01/28/2025 | KF 889.B28 Bar | LLK00000001 | 01/28/2025 | 01/28/2025 | Books | ||||||
| Library of Congress Classification | Non-fiction | Law Library (Kumasi) | Law Library (Kumasi) | General stacks | 05/05/2025 | KF889.B28 Bar | LLK00000126 | 05/05/2025 | 05/05/2025 | Books | 3 |